000
00249nam a2200109Ia 4500
008
230907s9999||||xx |||||||||||||| ||und||
082
_a
621.433
_b
CLA
245
0
_a
Gas turbines :
260
_a
Elsevier,
_c
2015
300
_a
xxi, 986 p.
942
_c
BK
999
_c
598656
_d
598656